000 00341 a2200157 4500
001 162930
020 _a
040 _cMagnum
100 _aCerqueira, Adriano L. da Gama
240 1 0 _aA europa na idade moderna
_lpor
245 1 0 _aA europa na idade moderna
362 0 _a1899
440 1 _aLĂȘ
697 _aPARADIDATICO
942 _cBK
999 _c162930
_d162930